<?xml version="1.0" encoding="UTF-8"?>
<record
    xmlns:xsi="http://www.w3.org/2001/XMLSchema-instance"
    xsi:schemaLocation="http://www.loc.gov/MARC21/slim http://www.loc.gov/standards/marcxml/schema/MARC21slim.xsd"
    xmlns="http://www.loc.gov/MARC21/slim">

  <leader>00570nam a2200205Ia 4500</leader>
  <controlfield tag="003">3228</controlfield>
  <controlfield tag="005">20220405111209.0</controlfield>
  <controlfield tag="008">210817s9999    </controlfield>
  <datafield tag="020" ind1=" " ind2=" ">
    <subfield code="a">9781415009116</subfield>
    <subfield code="c">paperback</subfield>
  </datafield>
  <datafield tag="040" ind1=" " ind2=" ">
    <subfield code="c">3228</subfield>
  </datafield>
  <datafield tag="041" ind1=" " ind2=" ">
    <subfield code="d">English</subfield>
    <subfield code="h"> </subfield>
  </datafield>
  <datafield tag="082" ind1=" " ind2=" ">
    <subfield code="a">J 940.4 SAUN </subfield>
  </datafield>
  <datafield tag="100" ind1=" " ind2=" ">
    <subfield code="a">Saunders, Nicholas</subfield>
    <subfield code="9">130923</subfield>
  </datafield>
  <datafield tag="245" ind1=" " ind2="0">
    <subfield code="a">Die eerste wereldoorlog :</subfield>
    <subfield code="b">vergete woorde</subfield>
    <subfield code="c">Nicholas Saunders</subfield>
  </datafield>
  <datafield tag="260" ind1=" " ind2=" ">
    <subfield code="a">Parklands</subfield>
    <subfield code="b">Jacklin</subfield>
    <subfield code="c">2005</subfield>
  </datafield>
  <datafield tag="300" ind1=" " ind2=" ">
    <subfield code="a">48 pages.</subfield>
    <subfield code="b">colour illustrated, ; portraits</subfield>
    <subfield code="c">29 cm</subfield>
  </datafield>
  <datafield tag="500" ind1=" " ind2=" ">
    <subfield code="a">Includes Index</subfield>
  </datafield>
  <datafield tag="504" ind1=" " ind2=" ">
    <subfield code="a">Includes bibliography</subfield>
  </datafield>
  <datafield tag="942" ind1=" " ind2=" ">
    <subfield code="c">BK</subfield>
    <subfield code="2">ddc</subfield>
  </datafield>
  <datafield tag="999" ind1=" " ind2=" ">
    <subfield code="c">244464</subfield>
    <subfield code="d">244463</subfield>
  </datafield>
  <datafield tag="952" ind1=" " ind2=" ">
    <subfield code="0">0</subfield>
    <subfield code="1">0</subfield>
    <subfield code="4">0</subfield>
    <subfield code="7">0</subfield>
    <subfield code="a">MORGL</subfield>
    <subfield code="b">MORGL</subfield>
    <subfield code="d">2021-08-18</subfield>
    <subfield code="g">142.46</subfield>
    <subfield code="l">0</subfield>
    <subfield code="p">33228022570566</subfield>
    <subfield code="r">2021-08-18</subfield>
    <subfield code="w">2021-08-18</subfield>
    <subfield code="y">BK</subfield>
  </datafield>
  <datafield tag="952" ind1=" " ind2=" ">
    <subfield code="0">0</subfield>
    <subfield code="1">0</subfield>
    <subfield code="2">ddc</subfield>
    <subfield code="4">0</subfield>
    <subfield code="7">0</subfield>
    <subfield code="a">RIVEL</subfield>
    <subfield code="b">RIVEL</subfield>
    <subfield code="d">2022-04-05</subfield>
    <subfield code="l">0</subfield>
    <subfield code="o">J 940.4 SAUN </subfield>
    <subfield code="p">33228024405233</subfield>
    <subfield code="r">2022-04-05</subfield>
    <subfield code="w">2022-04-05</subfield>
    <subfield code="y">BK</subfield>
  </datafield>
</record>
